000 00490nam a2200169Ia 4500
008 230718s9999 xx 000 0 und d
020 _a9788172241896
041 _aeng
082 _a621.51
_bPAR
100 _aParr A.
_9146065
245 _aHydraulics And Pneumatics
_bA Technician's And Engineer's Guide
260 _c2005
_bJaico Publishing House
300 _a223
365 _cRs.
_b325.00
700 _aParr A.
_9146065
906 _dO:0112227-Sep-2010B:228808-Sep-2010
_cMECH
_b406.25
999 _c325928
_d325928